Soochikalillatha Khadigarangal (Record no. 138156)
[ view plain ]
| 000 -LEADER | |
|---|---|
| fixed length control field | 00540nam a22002057a 4500 |
| 003 - CONTROL NUMBER IDENTIFIER | |
| control field | OSt |
| 005 - DATE AND TIME OF LATEST TRANSACTION | |
| control field | 20260514114847.0 |
| 008 - FIXED-LENGTH DATA ELEMENTS--GENERAL INFORMATION | |
| fixed length control field | 260514b |||||||| |||| 00| 0 eng d |
| 020 ## - INTERNATIONAL STANDARD BOOK NUMBER | |
| International Standard Book Number | 978-81-264-7662-6 |
| 040 ## - CATALOGING SOURCE | |
| Transcribing agency | SBCL |
| 082 ## - DEWEY DECIMAL CLASSIFICATION NUMBER | |
| Classification number | 894.8124 |
| Item number | RAJ-S |
| 100 ## - MAIN ENTRY--PERSONAL NAME | |
| Personal name | Rajmohan,O.P |
| 245 ## - TITLE STATEMENT | |
| Title | Soochikalillatha Khadigarangal |
| 260 ## - PUBLICATION, DISTRIBUTION, ETC. | |
| Place of publication, distribution, etc. | Kottayam |
| Name of publisher, distributor, etc. | Current Books |
| Date of publication, distribution, etc. | 2017 |
| 300 ## - PHYSICAL DESCRIPTION | |
| Extent | 160p. |
| 630 ## - SUBJECT ADDED ENTRY--UNIFORM TITLE | |
| General subdivision | Literature |
| 650 ## - SUBJECT ADDED ENTRY--TOPICAL TERM | |
| Topical term or geographic name entry element | Literatures of other languages |
| 650 ## - SUBJECT ADDED ENTRY--TOPICAL TERM | |
| Topical term or geographic name entry element | Altaic, Uralic, Hyperborean & Dravidian |
| 942 ## - ADDED ENTRY ELEMENTS (KOHA) | |
| Koha item type | BOOK |
| Withdrawn status | Lost status | Source of classification or shelving scheme | Damaged status | Not for loan | Collection code | Home library | Current library | Date acquired | Total Checkouts | Full call number | Barcode | Shelving location | Date last seen | Cost, replacement price | Price effective from | Koha item type |
|---|---|---|---|---|---|---|---|---|---|---|---|---|---|---|---|---|
| Dewey Decimal Classification | General Collection | SB LIBRARY | SB LIBRARY | 14/05/2026 | 894.8124 RAJ-S | 143445 | GENERAL STACK | 14/05/2026 | 160.00 | 14/05/2026 | BOOK |